[Event "Montreal Juste pour jouer"]
[Site "Montreal"]
[Date "2012.10.06"]
[Round "2.21"]
[White "Perna, Valentino"]
[Black "Lalumiere, Claude"]
[Result "0-1"]
[WhiteElo "1122"]
[BlackElo "1788"]
[PlyCount "60"]
[EventDate "2012.10.05"]
[EventType "swiss"]
[EventRounds "7"]
[EventCountry "CAN"]
[SourceTitle "EXT 2022"]
[Source "ChessBase"]
[SourceDate "2021.10.06"]
[SourceVersion "1"]
[SourceVersionDate "2021.10.06"]
[SourceQuality "1"]

1. f4 d5 2. Nf3 Nf6 3. e3 c5 4. d3 Nc6 5. Be2 e6 6. 0-0 Bd6 7. c3 0-0 8. Qe1 Qc7 9. Ng5 h6 10. Nf3 Bd7 11. Na3 a6 12. c4 Rae8 13. b3 e5 14. cxd5 Nxd5 15. e4 Nxf4 16. Nc4 Nxe2+ 17. Qxe2 Bg4 18. Qf2 Nd4 19. h3 Nxf3+ 20. gxf3 Bxh3 21. Re1 Bc8 22. Kf1 Re6 23. Ke2 b5 24. Nxd6 Rxd6 25. Rh1 Rg6 26. Rg1 c4 27. Rxg6 fxg6 28. d4 cxb3 29. axb3 Qc2+ 30. Ke3 exd4+ 0-1